| 000 | 01352nam0a22002531 4500 | ||
|---|---|---|---|
| 001 | rc\1118198 | ||
| 005 | 20260407111623.0 | ||
| 035 | _a(NLR Aleph) 006361420 | ||
| 090 |
_a4906416 _c4906416 |
||
| 100 | _a20041126d1982 |||y0rusy50 ca | ||
| 101 | 0 | _arus | |
| 102 | _aRU | ||
| 105 | _ay ||||||||| | ||
| 200 | 1 |
_aОбразование СССР и несостоятельность вымыслов буржуазных фальсификаторов _eМетод. рекомендации для студентов и слушателей системы парт. просвещения _e(К 60-летию образования СССР) _fМ-во сел. хоз-ва СССР, Белорус. ин-т механизации сел. хоз-ва, Каф. истории КПСС и науч. коммунизма _g[Сост. к. и. н., преп. Войтеховская Т.Ф.] |
|
| 210 |
_aМинск _cБ. и. _d1982 |
||
| 215 |
_a26 с. _d20 |
||
| 320 | _aБиблиогр.: с. 25 | ||
| 702 | 1 |
_aВойтеховская _bТ.Ф. _gТамара Федоровна _4220 |
|
| 712 | 0 | 2 |
_aБелорусский институт механизации сельского хозяйства _cМинск _3RU\NLR\AUTH\889939325 _9373519 |
| 801 | 0 |
_aRU _bNLR _gpsbo |
|
| 801 | 1 |
_aRU _bELAR _2rusmarc |
|
| 852 |
_aNLR _j83-4/13971 |
||
| 942 | _cBOOK | ||
| 980 | _aNB | ||